<?xml version="1.0" encoding="UTF-8"?>
<record
    xmlns:xsi="http://www.w3.org/2001/XMLSchema-instance"
    xsi:schemaLocation="http://www.loc.gov/MARC21/slim http://www.loc.gov/standards/marcxml/schema/MARC21slim.xsd"
    xmlns="http://www.loc.gov/MARC21/slim">

  <leader>00338pam a2200145a 44500</leader>
  <controlfield tag="008">230405s2014    xxu||||| |||| 00| 0 eng d</controlfield>
  <datafield tag="041" ind1=" " ind2=" ">
    <subfield code="a">ENG</subfield>
  </datafield>
  <datafield tag="100" ind1=" " ind2=" ">
    <subfield code="a">PRASAD BALKRISHNA P</subfield>
  </datafield>
  <datafield tag="245" ind1=" " ind2=" ">
    <subfield code="a">OPEARTING SYSTEMS</subfield>
  </datafield>
  <datafield tag="260" ind1=" " ind2=" ">
    <subfield code="a">NEW DELHI</subfield>
    <subfield code="b">SCITECH PUB</subfield>
    <subfield code="c">2014</subfield>
  </datafield>
  <datafield tag="300" ind1=" " ind2=" ">
    <subfield code="a">P.B,MISE PAGE</subfield>
  </datafield>
  <datafield tag="650" ind1=" " ind2=" ">
    <subfield code="a">E&amp;TC</subfield>
  </datafield>
  <datafield tag="690" ind1=" " ind2=" ">
    <subfield code="a">E&amp;TC</subfield>
  </datafield>
  <datafield tag="906" ind1=" " ind2=" ">
    <subfield code="a">3697</subfield>
  </datafield>
  <datafield tag="999" ind1=" " ind2=" ">
    <subfield code="c">817892</subfield>
    <subfield code="d">817892</subfield>
  </datafield>
  <datafield tag="952" ind1=" " ind2=" ">
    <subfield code="0">0</subfield>
    <subfield code="1">0</subfield>
    <subfield code="4">0</subfield>
    <subfield code="7">0</subfield>
    <subfield code="8">C</subfield>
    <subfield code="a">ECK</subfield>
    <subfield code="b">ECK</subfield>
    <subfield code="d">2016-07-15</subfield>
    <subfield code="e">BHARATI MADHYAVARTI SAHAKARI GRAHAK BHANDAR LTD.PUNE</subfield>
    <subfield code="g">400.00</subfield>
    <subfield code="l">1</subfield>
    <subfield code="o">005.13/PRA</subfield>
    <subfield code="p">ECK-UG-16665</subfield>
    <subfield code="r">2024-03-14 00:00:00</subfield>
    <subfield code="s">2024-03-13</subfield>
    <subfield code="w">2023-08-16</subfield>
    <subfield code="y">BK</subfield>
  </datafield>
  <datafield tag="952" ind1=" " ind2=" ">
    <subfield code="0">0</subfield>
    <subfield code="1">0</subfield>
    <subfield code="4">0</subfield>
    <subfield code="7">0</subfield>
    <subfield code="8">C</subfield>
    <subfield code="a">ECK</subfield>
    <subfield code="b">ECK</subfield>
    <subfield code="d">2016-07-15</subfield>
    <subfield code="e">BHARATI MADHYAVARTI SAHAKARI GRAHAK BHANDAR LTD.PUNE</subfield>
    <subfield code="g">400.00</subfield>
    <subfield code="l">1</subfield>
    <subfield code="o">005.13/PRA</subfield>
    <subfield code="p">ECK-UG-16664</subfield>
    <subfield code="r">2024-04-16 00:00:00</subfield>
    <subfield code="s">2024-04-15</subfield>
    <subfield code="w">2023-08-16</subfield>
    <subfield code="y">BK</subfield>
  </datafield>
</record>
